<?xml version="1.0" encoding="UTF-8"?><?xml-stylesheet type="text/xsl" href="static/style.xsl"?><OAI-PMH xmlns="http://www.openarchives.org/OAI/2.0/" xmlns:xsi="http://www.w3.org/2001/XMLSchema-instance" xsi:schemaLocation="http://www.openarchives.org/OAI/2.0/ http://www.openarchives.org/OAI/2.0/OAI-PMH.xsd"><responseDate>2026-04-27T21:28:31Z</responseDate><request verb="GetRecord" identifier="oai:uvadoc.uva.es:10324/32061" metadataPrefix="marc">https://uvadoc.uva.es/oai/request</request><GetRecord><record><header><identifier>oai:uvadoc.uva.es:10324/32061</identifier><datestamp>2021-06-29T22:38:11Z</datestamp><setSpec>com_10324_38</setSpec><setSpec>col_10324_852</setSpec></header><metadata><record xmlns="http://www.loc.gov/MARC21/slim" xmlns:doc="http://www.lyncode.com/xoai" xmlns:xsi="http://www.w3.org/2001/XMLSchema-instance" xmlns:dcterms="http://purl.org/dc/terms/" xsi:schemaLocation="http://www.loc.gov/MARC21/slim http://www.loc.gov/standards/marcxml/schema/MARC21slim.xsd">
<leader>00925njm 22002777a 4500</leader>
<datafield tag="042" ind1=" " ind2=" ">
<subfield code="a">dc</subfield>
</datafield>
<datafield tag="720" ind1=" " ind2=" ">
<subfield code="a">Sarmentero Medina, Elena</subfield>
<subfield code="e">author</subfield>
</datafield>
<datafield tag="260" ind1=" " ind2=" ">
<subfield code="c">2018</subfield>
</datafield>
<datafield tag="520" ind1=" " ind2=" ">
<subfield code="a">En el presente Trabajo de Fin de Grado se pretende abordar el acondicionamiento de sensores aplicado al caso práctico de la construcción de una báscula utilizando sensores de fuerza. Para ello será necesario familiarizarse con ciertos conceptos relacionados con el acondicionamiento de señales, así como conocer qué tipos de sensores y qué etapa de acondicionamiento debemos incluir en función de la magnitud que queramos medir y el resultado que queramos obtener. Una vez comprendidos los aspectos teóricos básicos, se pasará a diseñar las piezas que serán la base de nuestra báscula. Posteriormente, acondicionaremos la señal de los sensores para que se adapte a nuestro sistema y realizaremos un proceso de calibración con el objetivo de sacar un patrón que nos permita calcular cualquier medida de peso a partir de los datos proporcionados por los sensores.</subfield>
</datafield>
<datafield tag="024" ind2=" " ind1="8">
<subfield code="a">http://uvadoc.uva.es/handle/10324/32061</subfield>
</datafield>
<datafield tag="245" ind1="0" ind2="0">
<subfield code="a">Acondicionamiento de sensores</subfield>
</datafield>
</record></metadata></record></GetRecord></OAI-PMH>